Statystyki dla Państwa w Brytyjskiej Wspólnocie Narodów

Kliknij tutaj aby rozwiązać quiz!

Ogólne statystyki

  • Ten quiz został rozwiązany 8 325 razy
    (2 253 od ostatniego zresetowania)
  • Średni wynik to 26 z 56

Statystyki odpowiedzi

DołączyłKraj% Poprawnych
1926Australia
88%
1926Kanada
85%
1926Nowa Zelandia
82%
1926Wielka Brytania
81%
1926Południowa Afryka
78%
1947Indie
77%
1963Kenia
56%
1964Zambia
56%
1970Fidżi
54%
1947Pakistan
54%
1960Nigeria
52%
1961Tanzania
52%
1978Tuvalu
51%
1966Botswana
49%
1962Jamajka
49%
1990Namibia
49%
1968Nauru
49%
1972Bangladesz
48%
1966Barbados
48%
1978Wyspy Salomona
48%
1966Lesotho
47%
1980Vanuatu
47%
1979Saint Vincent i
Grenadyny
46%
1973Bahamy
45%
1968Eswatini
45%
1983Saint Kitts i Nevis
45%
1979Saint Lucia
45%
1981Antigua i
Barbuda
44%
1978Dominika
44%
1957Malezja
44%
1970Samoa
44%
1957Ghana
43%
1979Kiribati
43%
1966Singapur
43%
1962Trynidad i Tobago
43%
1962Uganda
43%
1975Papua-Nowa Gwinea
42%
1948Sri Lanka
42%
1970Tonga
42%
2022Togo
41%
1981Belize
40%
1974Grenada
40%
1995Mozambik
40%
2009Rwanda
39%
1966Gujana
37%
1995Kamerun
36%
1964Malawi
36%
1976Seszele
36%
1965Gambia
35%
1982Malediwy
35%
1964Malta
33%
1961Cypr
32%
2022Gabon
32%
1968Mauritius
31%
1984Brunei
29%
1961Sierra Leone
29%

Rozkład punktacji

Percentyl według liczby udzielonych odpowiedzi

Procent ludzi z każdym wynikiem

Twoja historia wyników

Nie rozwiązałeś tego quizu od ostatniego zresetowania